Complete the Book Title #2 - Statistics

General Stats
  • This quiz has been taken 28 times
  • The average score is 7 of 15
Answer Stats
Author Year Answer % Correct
George Orwell 1949 19{8}4
100%
Charlotte Brontë 1847 {Jane} Eyre
100%
C.S. Lewis 1956 The Chronicles of {Narnia}
96%
Stephenie Meyer 2005 Twi{light}
96%
Charlie Donlea 2021 Twenty {Years} Later
85%
Suzanne Collins 2010 Mocking{jay}
62%
Audrey Niffenegger 2003 The {Time} Traveler's Wife
50%
Rick Riordan 2005 The Lightning {Thief}
35%
Kathryn Stockett 2009 The He{lp}
31%
Veronica Roth 2011 Diver{gent}
19%
Ann Napolitano 2023 Hello {Beautiful}
0%
Michael G. Kramer 2024 His Fore{fathers} and Mick
0%
A.R. Merrydew 2024 In{ara}
0%
K. Ritz 2019 Sheever's Journal, Diary of a {Poison} Master
0%
Richelle Mead 2007 Vampire {Academy}
0%
No matching quizzes found
Score Distribution
Percent of People with Each Score
Percentile by Number Answered
Your Score History
You have not taken this quiz